00685nam a22001812 4500001001100000005001700011008004100028020002700069040001500096100003700111245013500148250001300283260002700296300001200323650007700335650005500412700003600467000000844920151217152033.0080411s xx 000 0 eng d a0761994769 :cKES 2400 aKABUcKABU1 aMelkote, Srinivas R.@000015901610aCommunication for development in the Third World :btheory and practice for empowerment /cSrinivas R. Melkote, H. Leslie Steeves. a2nd ed. aLondon :bSAGE,c2001. a422 p. 0aCommunication in economic developmentzDeveloping countries.@0000159017 0aDeveloping countriesxEconomic policy.@00001590181 aSteeves, H. Leslie.@0000159019